| 000 | 00703nam a2200217Ia 4500 | ||
|---|---|---|---|
| 003 | GCL | ||
| 005 | 20240530102311.0 | ||
| 008 | 140319s9999 xx 000 0 ara d | ||
| 040 |
_aGCL / _cGCL |
||
| 082 | 0 | 4 |
_a193 _bب ف |
| 100 | 1 | _aفؤاد كامل (مترجم) | |
| 245 | 1 | 0 |
_aالفلسفة الالمانية الحديثة / _cفؤاد كامل (مترجم) |
| 260 |
_a[S.N] : _bدار الثقافة للنشر والتوزيع ، _c1988 |
||
| 300 | _a307 ص | ||
| 650 | 0 | 4 | _aالفلسفة |
| 650 | 0 | 4 | _aالفلسفة الحديثة |
| 650 | 0 | 4 | _aالفلسفة الغربية |
| 650 | 0 | 4 | _aالفلسفة الالمانية |
| 700 | 1 | _aبوبنز، روديجر | |
| 942 |
_2ddc _cBK |
||
| 999 |
_c31271 _d31271 |
||